000 01473nam0a22003011 4500
001 RU\NLR\INFOCOMM_161\5000066809
005 20250613093228.0
035 _a(NLR Aleph) 009196809
090 _a8664630
_c8664630
100 _a20100421d1791 |||y0rusy50 ca
101 0 _ager
102 _aRU
105 _ay ||||000|y
200 1 _aRegeln einer feinen Lebensart und Weltkenntniß zum Unterricht für die Jugend
_eAus dem Englischen
_eNeue verbesserte Auflage, herausgegeben zum Gebrauch im Kaiserlichen Adelichen Landkadettenkorps
210 _aSt. Petersburg
_cGedruckt bei demselben Korps
_d1791
215 _a[6], 131 с.
_d20 см (8°)
300 _aЗагл. ориг.: Principles of politeness and of knowing the world / By ... Lord Chesterfield
300 _aУстановлено по справочнику: Сводный каталог книг на иностранных языках, изданных в России в XVIII в Л., 1986. Т. 3. С. 77
316 _aЭкз. с наклейкой Б-ки 1-го Кадет. корп. и штампом Лен. Воен. б-ки
517 1 _aPrinciples of politeness and of knowing the world
686 _aШ6(4Вл)45-4[Лх1295-45]
_2rubbk
700 1 _aChesterfield
_bPh. D. S.
_f1694-1773
_gPhilip Dormer Stanhope
_4070
712 0 2 _aKadettenkorps
_cPetersburg
_d1
_4570
801 1 _aRU
_bNLR
_c20100421
801 0 _aRU
_bNLR
_gPSBO
852 _aNLR
_jРэ ШК/С-525 О₂
942 _cBOOK
980 _aNB